000 00775cam a22002054a 4500
005 20250605164158.0
008 250528s ||||||||||||||||||||||||d
035 _a19692
020 _a9608863759
040 _aGR-AtMCL
_bgre
_dGR-AtMCL
_eAACR2
245 1 _aΛΟΓΙΣΤΙΚΗ ΕΤΑΙΡΕΙΩΝ / Θεωρία - Εφαρμογές
250 _a1
260 _bΣοφια,
_c2006
300 _a546
520 _aΟΜΟΡΡΥΘΜΕΣ ΕΤΑΙΡΙΕΣ ΕΤΕΡΟΡΡΥΜΕΣ ΕΤΑΙΡΙΕΣ ΑΦΑΝΕΙΣ ΕΤΑΙΡΙΕΣ ΚΟΙΝΟΠΡΑΞΙΑ ΕΤΑΙΡΙΑ ΠΕΡΙΟΡΙΣΜΕΝΗΣ ΕΥΘΥΝΗΣ ΛΟΓΙΣΤΙΚΗ ΑΝΩΝΥΜΗ ΕΤΑΙΡΙΑ
700 1 _aΝεγκακης Χρηστος Ι
_95897
942 _cBK
999 _c4948
_d4948